Sulla pastorale dei divorziati risposati

Uloženo v:
Podrobná bibliografie
Korporativní autor: Congregazione per la Dottrina della Fede (Autor)
Médium: Kniha
Jazyk:italština
Vydáno: Ciudad del Vaticano Libreria Editrice Vaticana 1998
Témata:
Tagy: Přidat tag
Žádné tagy, Buďte první, kdo vytvoří štítek k tomuto záznamu!

MARC

LEADER 00000nam a2200000 a 4500
001 UCM7996
003 CL-VaPUC
008 030117e19980000VC |||||||||||||||||ita|d
082 0 4 |a 262.933  |b CON  |2 21 
110 2 |a Congregazione per la Dottrina della Fede  |e author  |9 473819 
245 1 0 |a Sulla pastorale dei divorziati risposati 
300 |a 131 p 
942 |c BK 
945 |d 20030117 00:00:00  |a cmena 
260 |a Ciudad del Vaticano  |b Libreria Editrice Vaticana  |c 1998 
650 7 |a DERECHO CANONICO  |2 CL-VaPUC  |9 473820 
650 7 |a MATRIMONIO  |2 CL-VaPUC  |9 473821 
650 0 |a Familias   |9 255641 
650 0 |a Divorcio  |9 256204 
650 0 |a Iglesia Católica  |9 256114 
583 |a last modification  |c 20030117 00:00:00  |k Rodrigo Vera 
999 |c 302610  |d 302608 
952 |0 0  |1 0  |4 0  |6 262_933000000000000_CON_1998  |7 0  |8 DER_HDC  |9 363299  |a BIBDER  |b BIBDER  |d 2019-11-21  |i 3877361  |l 1  |o 262.933 CON 1998  |p 3877361  |r 2023-01-25  |s 2020-03-19  |w 2019-11-21  |x Ubicación 4to Piso  |y BK  |z Estos recursos deben solicitarse con anticipación  |k DER